Využití ekonomické přidané hodnoty a vliv jejího využívaní na finanční výkonnost podniků v ČR
Teoretické východiská eknomicky pridanej hodnoty (EVA). Výhody konceptu EVA. Eva a trhová cena akcií.
Salvato in:
| Autore principale: | |
|---|---|
| Altri autori: | , |
| Natura: | Capitolo di libro |
| Lingua: | ceco |
| Soggetti: | |
| Tags: |
Nessun Tag, puoi essere il primo ad aggiungerne!!
|
MARC
| LEADER | 00000naa a2200000 4500 | ||
|---|---|---|---|
| 001 | 0199151 | ||
| 005 | 20231204135402.2 | ||
| 041 | 0 | |a cze | |
| 044 | |a CZ | ||
| 245 | 1 | 0 | |a Využití ekonomické přidané hodnoty a vliv jejího využívaní na finanční výkonnost podniků v ČR |c Adriana Knápková, Lubor Homolka, Drahomíra Pavelková |
| 520 | |a Teoretické východiská eknomicky pridanej hodnoty (EVA). Výhody konceptu EVA. Eva a trhová cena akcií. | ||
| 610 | 2 | 0 | |a hodnota pridaná ekonomická |
| 610 | 2 | 0 | |a výkonnosť podniku |
| 610 | 2 | 0 | |a situácia finančná podniku |
| 610 | 2 | 0 | |a ukazovateľ EVA |
| 100 | 1 | |a Knápková, Adriana | |
| 700 | 1 | |a Homolka, Lubor | |
| 700 | 1 | |a Pavelková, Drahomíra | |